000 00533nam a2200145Ia 4500
008 100122s9999 xx 000 0 und d
082 _b53693
_a920
100 _aशनवारे ना कृ
245 _aअपूर्णातून अपूर्णाकडे
260 _bमॅजेस्टिक प्रकाशन
_c1997
300 _a202
630 _aअपूर्णातून अपूर्णाकडे
730 _aअपूर्णातून अपूर्णाकडे
942 _cBOOK
999 _c430697
_d430694